Το ανθρώπινο κτήνος

Αποθηκεύτηκε σε:
Λεπτομέρειες βιβλιογραφικής εγγραφής
Κύριος συγγραφέας: Zola, Émile, 1840-1902
Άλλοι συγγραφείς: Αλεξίου, Γεωργία (Μεταφραστής), Πρωταίος, Στάθης, 1921- (Συγγραφέας εισαγωγής κ.λπ.)
Μορφή: Βιβλίο
Γλώσσα:Greek
French
Δημοσίευση: [Αθήνα] : Δαμιανού, [χ.χ.].
Θέματα:
Ετικέτες: Προσθήκη ετικέτας
Δεν υπάρχουν, Καταχωρήστε ετικέτα πρώτοι!

MARC

LEADER 00000cam a2200000 i 4500
001 1/83501
008 050810q19601970gr | ||| |||| ||gre||
035 |l 10079791 
040 |a GR-MY-UA  |b gre  |e aacr 
041 1 |a gre  |h fre 
082 7 |a 843.8   |2 (22) 
100 1 |a Zola, Émile,   |d 1840-1902. 
245 1 3 |a Το ανθρώπινο κτήνος /   |c Εμίλ Ζολά ; μετάφραση: Γεωργίας Αλεξίου-Πρωταίου ; προλεγόμενα: Στάθη Πρωταίου. 
260 |a [Αθήνα] :   |b Δαμιανού,   |c [χ.χ.]. 
300 |a 316 σ. ;   |c 24 εκ. 
500 |a Τίτλος πρωτοτύπου: La bete humaine. 
650 0 0 |a French fiction  |y 19th century. 
700 1 |a Αλεξίου, Γεωργία,  |e trl 
700 1 |a Πρωταίος, Στάθης,   |d 1921-  |e aui 
852 |a INST  |b RHODES  |c KRI  |e 20050810  |h  843.8 ZOL  |p 005400022584  |q 005400022584  |t BK  |y 0 
901 |a BIBL4-2005-2 
909 |a Ρ  |b 122203 
970 |a ΚΟΖΑ  |b ΜΑΡΙΑ  |z 2005/08/02